Antiguos y modernos : (Record no. 80269)

MARC details
000 -CABECERA
campo de control de longitud fija 00703nam a2200217 a 4500
005 - FECHA Y HORA DE LA ÚLTIMA TRANSACCIÓN
campo de control 20210223124103.0
008 - ELEMENTOS DE LONGITUD FIJA--INFORMACIÓN GENERAL
campo de control de longitud fija 010517s1998 r 000 0 eng d
020 ## - NÚMERO INTERNACIONAL NORMALIZADO PARA LIBROS
Número Internacional Estándar del Libro 8420629170
035 ## - NÚMERO DE CONTROL DEL SISTEMA
Número de control de sistema UPN01000106356
049 ## - COLECCIÓN
Colección CG
050 #4 - SIGNATURA TOPOGRÁFICA DE LA BIBLIOTECA DEL CONGRESO
Número de clasificación CB151
Número de documento/Ítem M3.2
100 1# - ASIENTO PRINCIPAL--NOMBRE PERSONAL
Nombre de persona Maravall, José Antonio
245 10 - MENCIÓN DE TÍTULO
Título Antiguos y modernos :
Resto del título visión de la historia e idea de progreso hasta el renacimiento /
Mención de responsabilidad, etc. José Antonio Maravall.
260 ## - PUBLICACIÓN, DISTRIBUCIÓN, ETC.
Lugar de publicación, distribución, etc. Madrid :
Nombre del editor, distribuidor, etc. Alianza,
Fecha de publicación, distribución, etc. 1998.
300 ## - DESCRIPCIÓN FÍSICA
Extensión 628 p.
440 #0 - MENCIÓN DE SERIE/ASIENTO SECUNDARIO--TÍTULO
Título Historia y geografía.
Nombre de parte o sección de la obra Ensayo ;
Designación de volumen o secuencia 55.
Nombre de parte o sección de la obra El libro universitario
650 #4 - ASIENTO SECUNDARIO DE MATERIA - TERMINO TEMATICO
Término de materia o nombre geográfico como elemento de entrada CIVILIZACION -
Subdivisión general HISTORIA
9 (RLIN) 8253
650 #4 - ASIENTO SECUNDARIO DE MATERIA - TERMINO TEMATICO
Término de materia o nombre geográfico como elemento de entrada PROGRESO
9 (RLIN) 17897
651 #4 - ASIENTO SECUNDARIO DE MATERIA - NOMBRE GEOGRAFICO
Nombre geográfico ESPAÑA -
Subdivisión general CIVILIZACION
9 (RLIN) 16346
905 ## - TIPO DE MATERIAL
Tipo de material Libro
Holdings
Estado de retiro Estado de pérdida Fuente del sistema de clasificación o colocación Estado dañado No para préstamo Código de colección Localización permanente Ubicación/localización actual Ubicación en estantería Fecha de adquisición Total de préstamos Clasificación Código de barras Fecha visto por última vez Fecha del último préstamo Número de copia Tipo de ítem Koha Enumeración/cronología de publicación seriada
    Library of Congress Classification     Colección General Bib. Gregorio Torres Quintero Bib. Gregorio Torres Quintero Planta baja 21/03/2023 2 CB151 M3.2 182149 24/03/2023 21/03/2023 1 Libro  
    Library of Congress Classification     Colección General Bib. Gregorio Torres Quintero Bib. Gregorio Torres Quintero Planta baja   1 CB151 M3.2 179883 31/12/2020   1 Libro ej.2
    Library of Congress Classification     Colección General Bib. Gregorio Torres Quintero Bib. Gregorio Torres Quintero Planta baja   1 CB151 M3.2 179884 31/12/2020   1 Libro ej.3